Annual report for the year 1st January to 31st December 1957 (Record no. 283234)

MARC details
000 -LEADER
fixed length control field 00750nam a2200265Ia 4500
003 - CONTROL NUMBER IDENTIFIER
control field OSt
005 - DATE AND TIME OF LATEST TRANSACTION
control field 20220918225039.0
008 - FIXED-LENGTH DATA ELEMENTS--GENERAL INFORMATION
fixed length control field 220917b |||||||| |||| 00| 0 eng d
037 ## - SOURCE OF ACQUISITION
Terms of availability Textual
040 ## - CATALOGING SOURCE
Original cataloging agency ARTS
Transcribing agency ARTS
Language of cataloging eng
041 ## - LANGUAGE CODE
Source of code eng
Language code of text/sound track or separate title eng
110 ## - MAIN ENTRY--CORPORATE NAME
Corporate name or jurisdiction name as entry element Federal assembly
9 (RLIN) 149543
245 #0 - TITLE STATEMENT
Title Annual report for the year 1st January to 31st December 1957
260 ## - PUBLICATION, DISTRIBUTION, ETC.
Place of publication, distribution, etc. Salisbury
Name of publisher, distributor, etc. The Government Prienter
Date of publication, distribution, etc. 1958
300 ## - PHYSICAL DESCRIPTION
Extent 15p.
Dimensions cm.
490 ## - SERIES STATEMENT
Series statement Post office savings bank and savings ceriticates
650 ## - SUBJECT ADDED ENTRY--TOPICAL TERM
Topical term or geographic name entry element ECONOMICS
700 ## - ADDED ENTRY--PERSONAL NAME
Personal name Federal assembly
9 (RLIN) 149544
942 ## - ADDED ENTRY ELEMENTS (KOHA)
Classification part X6291, J8
Koha item type Textual
Source of classification or shelving scheme Colon Classification (CC)
Holdings
Withdrawn status Lost status Damaged status Not for loan Home library Current library Date acquired Total Checkouts Full call number Barcode Date last seen Price effective from Koha item type
        Arts Library Arts Library 2022-09-18   X6291 J8 ALP000394 2022-09-18 2022-09-18 Textual
Copyright @ Delhi University Library System